000 00304nam a22001337a 4500
008 181020b xxu||||| |||| 00| 0 eng d
020 _a0029079802
041 _aeng
080 _a316
100 _a50
101 _aSOC
245 _aContributions of L'Annee Sociologiaue
_cDurkhem, E
942 _2udc
_cBK
999 _c50322
_d50322